| 000 | 00700nam a2200217 i 4500 | ||
|---|---|---|---|
| 001 | 155980 | ||
| 003 | ES-MaACL | ||
| 005 | 20230906210258.0 | ||
| 008 | 190201s1960 ag |||| | spa d | ||
| 100 | 0 |
_aDurant, Will. _946272 |
|
| 245 | 1 | 3 |
_aLa civilización de la India / _cWill Durant ; traducción de C. A. Jordana. |
| 250 | _a[3ª ed.]. | ||
| 260 |
_aBuenos Aires : _bEditorial Sudamericana, _c1960. |
||
| 300 |
_a387 p., lám. I-XXXII ; _c24 cm. |
||
| 490 | 1 | _aHistoria de la civilización | |
| 651 | 4 |
_aIndia- _xCivilización. _98837 |
|
| 700 | 0 |
_aJordana, César-August. _966928 |
|
| 830 | 0 |
_aHistoria de la civilización _9187819 |
|
| 852 |
_aES-MaACL _jP-418-2 |
||
| 999 |
_c155980 _d155980 |
||